000 00656nam a22002417a 4500
003 OSt
005 20260406111117.0
008 260406b |||||||| |||| 00| 0 eng d
020 _a9780716638025
040 _cHS LRC
050 _aD 843
_b.F524co 2018
100 _aFirme, Tom
_9131530
245 _aCold war /
_cTom Firme
260 _aChigago, Illinois :
_bWorld Book,
_cc2018.
265 _aPES
300 _a128 pages :
_bcolor illustrations ;
_c24 cm.
365 _b2,250.00
440 _aHistory Summarized
_9131531
504 _aIncludes index.
650 _aCold war
_98400
650 _aWorld politics
_x1945-1989
_9131538
942 _2lcc
_cBK
999 _c94048
_d94048